Statistics for College Sports Logos Quiz #1

Click here to take the quiz!

General Stats

  • This quiz has been taken 140,453 times
    (51,314 since last reset)
  • The average score is 16 of 20

Answer Stats

Answer% Correct
Michigan
97%
North Carolina
92%
Oregon
91%
Notre Dame
89%
Georgia
88%
Harvard
84%
Tennessee
84%
USC
83%
Auburn
82%
Texas Tech
81%
Syracuse
81%
Washington
81%
Indiana
80%
Nebraska
80%
Arizona
79%
Rutgers
78%
Purdue
78%
BYU
75%
Hawaii
73%
Temple
66%

Score Distribution

Percentile by Number Answered

Percent of People with Each Score

Your Score History

You have not taken this quiz since the last reset